000 00676nam a22001937a 4500
005 20251108170031.0
008 250721s2000 xx 000 0 ara d
082 1 4 _a628.21/فرج
100 1 _aفرج، محمد علي
245 1 0 _aشبكات الصرف الصحي :
_bتنقية المياه و المعالجة الهندسية لتلوث البيئة /
264 1 _aالقاهرة :
_bدار الكتاب الحديث،
_c2000.
300 _a124ص
490 0 _aموسوعة الهندسة الصحية ؛4
650 1 7 _aالهندسة الصحية
650 1 7 _aتلوث المياه
650 1 7 _aشكبة المجاري
942 _2ddc
_cBK
999 _c37985
_d37985